| 000 | 00565nam a22001697a 4500 | ||
|---|---|---|---|
| 003 | NUST | ||
| 038 | _aNusrat Nadeem | ||
| 082 | _a200 | ||
| 100 |
_aKhalil, Fatima _9125542 |
||
| 245 |
_aA Framework for Integrating & Automating Organizational IT Governance, Risk and Compliance/ _cFatima Khalil, |
||
| 264 |
_aIslamabad; _bSEECS NUST; _c2024. |
||
| 300 |
_a99,p; _bill; _c30,cm. |
||
| 650 |
_aMS- Information Security _927215 |
||
| 700 |
_aSupervisor: Dr. Hasan Tahir _996713 |
||
| 856 | _u http://10.250.8.41:8080/xmlui/handle/123456789/46158 | ||
| 942 |
_2ddc _cSC |
||
| 999 |
_c611285 _d611285 |
||